Interkultúrny vplyv vybranej zahraničnej gastronómiie bakalárska práca

Guardado en:
Detalles Bibliográficos
Autor principal: Kostolániová, Bianka
Autor Corporativo: Obchodná fakulta EU. Katedra služieb a cestovného ruchu - zrušené
Otros Autores: Čukanová, Miroslava, 1984-
Formato: Libro
Lenguaje:eslovaco
Publicado: Bratislava 2018
Etiquetas: Agregar Etiqueta
Sin Etiquetas, Sea el primero en etiquetar este registro!

MARC

LEADER 00000nbm a2200000 4500
001 0245079
005 20180906133555.1
041 0 |a slo 
044 |a SK 
245 1 0 |a Interkultúrny vplyv vybranej zahraničnej gastronómiie  |b bakalárska práca  |c Bianka Kostolániová ; školiteľ: Miroslava Čukanová 
264 1 |a Bratislava  |c 2018 
300 |a 53 s. 
100 1 |a Kostolániová, Bianka 
700 1 |a Čukanová, Miroslava, 1984- 
710 2 |a Obchodná fakulta EU. Katedra služieb a cestovného ruchu - zrušené